000 00863nam a2200253Ia 4500
003 OSt
005 20220923211457.0
006 a|||||r|||| 00| 0
007 ta
008 220922b |||||||| |||| 00| 0 pan d
020 _a9789351122913 (hbk)
_c200
024 _a349,359
037 _b172, 15/02/2019, National Book Shop
_cTextual
040 _aARTS
_cARTS
_bpan
041 _2pan
_apan
082 _aU8, 153Q7
100 _aਮਨਮੋਹਨ ਬਾਬਾ, ਂਚ.
245 0 _aਤੁਸੀ੍ਵ ਵੀ ਚੱਲੇ ਮੇਰੇ ਨਾਲ
260 _aਲੁਧਿਆਨਾ
_b ਚੇਤਨਾ ਪ੍ਰਕਾFਨ
_c2017
300 _a136ਪ੍ਰ0
_ccm.
650 _aਸਖ਼ਰਨਾਮਾ
942 _hU8, 153Q7
_cTEXL
_2CC
999 _c299939
_d299939